| 000 | 01101cam a22003377a 4500 | ||
|---|---|---|---|
| 003 | CHAP | ||
| 005 | 20220817044042.0 | ||
| 008 | 051004d2004 it rn 00110 eng d | ||
| 010 | _a91045 | ||
| 011 | _a92017 | ||
| 020 | _a9250052618 | ||
| 035 | _a102580 | ||
| 040 | _cCHAP | ||
| 082 | 0 | 4 |
_a639.2 _bF46 v. 762 |
| 110 | 2 | _aFAO | |
| 245 | 1 | 0 |
_aReport of the FAO working group on the assessment of small pelagic fish off northwest Africa _c/by FAO |
| 260 |
_aRome : _bFAO, _c2004. |
||
| 300 | _a135 p. | ||
| 490 | 0 |
_aFAO. Informe de pesca _v; 762 |
|
| 500 | _aEd. bilingue : inglés y francés | ||
| 590 |
_aBATCH-UPD _b10 _c20130110 _lUCH01 _h1045 |
||
| 590 |
_aCONVERSION _b10 _c20130109 _lUCH01 _h1350 |
||
| 650 | 1 | 4 |
_aPesca _xAfrica. _987354 |
| 650 | 1 | 4 |
_aSardina. _9102625 |
| 830 | 0 |
_aFAO. Informe de pesca _v; 762 _939587 |
|
| 901 | _aBK | ||
| 905 | _aAlejandra Carrasco M. | ||
| 942 | _cLIBRO | ||
| 949 |
_a639.2 F46 v.762 _bBC _cFAO _d33724000970802 _eFAO1 _gI. DonaciØn _h107037 _i102580 _sb |
||
| 949 |
_a639.2 F46 v.762 _bBC _cFAO _d33724000972840 _eFAO2 _fc.2 _gI. DonaciØn _h107410 _i102580 _sb |
||
| 999 |
_c91045 _d91045 |
||